| 000 | 01815cam a22003017a 4500 | ||
|---|---|---|---|
| 999 |
_c30930 _d30930 |
||
| 001 | 17354976 | ||
| 005 | 20210209102603.0 | ||
| 008 | 120620s2013 fluabo b 001 0 eng | ||
| 010 | _a 2012025083 | ||
| 020 | _a9781439848814 (hardback : acidfree paper) | ||
| 040 |
_aDLC _cDLC _dDLC |
||
| 050 | 0 | 0 | _aRA639.5.G63 2013 |
| 082 | 0 | 0 |
_a616.9/68 _223 |
| 100 | 1 | _aGoddard, Jerome. | |
| 245 | 1 | 0 |
_aPublic health entomology / _cJerome Goddard. |
| 260 |
_aBoca Raton : _bCRC Press, _cc2013. |
||
| 300 |
_axix, 210 p. : _bill., maps ; _c24 cm. |
||
| 504 | _aIncludes bibliographical references and index. | ||
| 520 | _a"Increasing problems of emerging and re-emerging infectious diseases, brought about, at least in part, by vectors fueled by increased worldwide travel and commerce, make this a highly timely book for anyone in the public practice of medical and veterinary entomology, including entomologists, public health officials, and pest control technicians and managers. Employing a reader-friendly style with bulleted texts, scenarios, and case history boxes, it targets the major vectors and pests of medical and public health importance, addresses regulatory and academic medical entomology, and discusses disease vector control with worldwide application"-- | ||
| 650 | 0 | _aInsects as carriers of disease. | |
| 650 | 0 | _aEntomology. | |
| 650 | 7 |
_aMEDICAL / Infectious Diseases _2bisacsh. |
|
| 650 | 7 |
_aMEDICAL / Veterinary Medicine / General _2bisacsh. |
|
| 650 | 7 |
_aSCIENCE / Life Sciences / Zoology / Entomology _2bisacsh. |
|
| 906 |
_a7 _bcbc _corignew _d1 _eecip _f20 _gy-gencatlg |
||
| 942 |
_2lcc _cBOOKS _hRA639.5.G63 2013 |
||